00345pab a2200121 454500008004000000100001700040245008700057260000900144300001300153362001100166650001200177773003400189180718b2014 xxu||||| |||| 00| 0 eng d aMohan, Peggy aThe road to English - slow migration of the economically weak child to elite India c2014 ap,19-24. a15 Feb aEnglish aEconomic and Political Weekly